| 000 | 00541nas a2200169 i 4500 | ||
|---|---|---|---|
| 001 | 183431 | ||
| 003 | ES-MaACL | ||
| 005 | 20250217134913.0 | ||
| 008 | 140421d18211947ag | | ||pa d | ||
| 245 | 0 | 0 | _aRegistro oficial de la provincia de Buenos Aires. |
| 260 |
_aBuenos Aires : _b[s.n.], _c1821-1947 ( _f"La Tribuna") |
||
| 300 |
_a15 v. ; _c22 cm. |
||
| 710 |
_aBuenos Aires (Argentina, Provincia) _9200700 |
||
| 852 |
_aES-MaACL _jG-6465-78 |
||
| 866 | 0 | _o1858-1862, 1866, 1870-1875, 1877-1881, 1903-1904. | |
| 999 |
_c183431 _d183431 |
||